Tous les sites UNESCO de France sur une carte - Statistiques

Statistiques générales
  • Ce quiz a été pris 10 938 fois
    9 882 depuis la dernière actualisation
  • Le résultat moyen est 23 sur 50
Réponses sur la Carte
Les réponses sont colorées sur une échelle allant du rouge au vert en fonction du pourcentage des utilisateurs qui les ont devinées à leur premier essai. Vous pouvez retrouver ces pourcentages ci-dessous.
 
Statistiques - réponses
Réponse % Correct
Mont-Saint-Michel
76%
Nice, ville de villégiature
70%
Bassin minier du Nord-Pas-de-Calais
69%
Strasbourg : Grande-Île et Neustadt
69%
Canal du Midi
68%
Le Havre, la ville reconstruite
67%
Vieux-Lyon
64%
Cathédrale d'Amiens
61%
Pyrénées - Mont Perdu
61%
Volcans et forêts de la Martinique
61%
Cathédrale de Reims
60%
Palais et parc de Versailles
60%
Paris, rives de la Seine
60%
Mégalithes de Carnac et des rives du Morbihan
59%
Pitons, cirque et remparts de la Réunion
58%
Places de Nancy
57%
Bordeaux, Port de la Lune
55%
Cathédrale de Chartres
55%
Ville fortifiée de Carcassonne
55%
Chaîne des Puys
52%
Lagons de Nouvelle-Calédonie
52%
Cathédrale de Bourges
50%
Coteaux, maisons et caves de Champagne
50%
Les climats du vignoble de Bourgogne
50%
Les îles Marquises
50%
Cité épiscopale d'Albi
49%
Palais et parc de Fontainebleau
49%
Val de Loire entre Sully et Chalonnes
49%
Sites palafittiques préhistoriques autour des Alpes
48%
Les grandes villes d'eau d'Europe (Vichy)
47%
Golfe de Porto
46%
Fortifications de Vauban
44%
Marae de Taputapuātea
43%
Les Causses et les Cévennes
41%
Centre historique d'Avignon
40%
La Maison Carrée de Nîmes
36%
Phare de Cordouan
36%
Arles, monuments romains et romans
34%
Juridiction de Saint-Émilion
34%
Pont du Gard
33%
L’Œuvre architecturale de Le Corbusier
31%
Théâtre antique d'Orange
29%
Provins, ville de foire médievale
28%
Forêts primaires de hêtres des Carpates et d'autres régions d'Europe
27%
Sites préhistoriques de la vallée de la Vézère
22%
Basilique de Vézelay
21%
Grotte Chauvet
20%
Saline royale d'Arc-et-Senans
16%
Abbaye cistercienne de Fontenay
15%
Abbatiale de Saint-Savin-sur-Gartempe
14%
Aucun quiz correspondant
Distribution des résultats
% des personnes avec chaque résultat
Percentile par nombre de réponses
Votre historique - résultats
Vous n’avez pas pris ce quiz depuis la dernière actualisation